000 00817cam a22002653a 4500
001 4019
003 PGUSA
005 20140828083042.0
008 030501s2003||||xxu|||||s|||||000 | eng d
040 _aPGUSA
_beng
042 _adc
050 4 _aF1001
100 1 _aWallace, Dillon,
_d1863-1939
245 1 4 _aThe Lure of the Labrador Wild
_h[electronic resource] /
_cDillon Wallace
260 _bProject Gutenberg,
_c2003
506 _aPublic domain in the USA.
516 _aElectronic text
653 _aLabrador (N.L.) -- Discovery and exploration
653 _aWallace, Dillon, 1863-1939
653 _aExplorers -- Newfoundland and Labrador -- Biography
653 _aHubbard, Leonidas, 1872-1903
830 0 _aProject Gutenberg
_v4019
856 4 0 _uhttp://www.gutenberg.org/ebooks/4019
942 _cEB
999 _c233348
_d233348